000 00260nam a2200097Ia 4500
001 985896
005 20250826221051.0
008 250824s9999 xx 000 0 und d
245 0 _aEĞLENCELİ TEKERLEKLER BAY MİNİBÜS
_cHARRY SIMPSON
260 _bDOKUZ YAYINLARI
999 _c985896
_d985896